000 00547nam a2200193Ia 4500
005 20260429112039.0
008 260429s9999||||xx |||||||||||||| ||und||
020 _a9781804897676
041 _aEnglish
082 _a510.28
_bJOS
100 _aJoseph, Jacqueline
245 0 _aTypesetting mathematics with latex /
_cJacqueline Joseph
260 _aUnited Kingdom :
_bBrilliant Publication Ltd. ,
_c2026.
300 _ax, 296 p.; hb
650 _a Mathematical typesetting
650 _a Technical writing
650 _aLaTeX
942 _cTB
999 _c52072
_d52072